000 00527pab a2200193 454500
008 180718b2010 xxu||||| |||| 00| 0 eng d
100 _aBel, Germa
245 _aPartial privatisation in local services delivery: An empirical analysis of the choice of mixed firms
260 _c2010
300 _ap.129-149.
362 _aFeb
650 _aPrivatization
650 _aLocal government
650 _aPublic utilities
700 _aFagedam Xavier
773 _aLocal Government Studies
908 _aN
909 _a89927
999 _c89927
_d89927